[Event "BEL-chT 2223"]
[Site "Belgium"]
[Date "2022.12.04"]
[Round "5.5"]
[White "Burgerhoff, Rinus"]
[Black "Jamar, Vadim"]
[Result "0-1"]
[WhiteElo "1920"]
[BlackElo "1972"]
[PlyCount "112"]
[EventDate "2022.09.25"]
[EventType "team-tourn"]
[EventRounds "11"]
[EventCountry "BEL"]
[SourceTitle "CBM 213 Extra"]
[Source "ChessBase"]
[SourceDate "2023.05.31"]
[SourceVersion "1"]
[SourceVersionDate "2023.05.31"]
[SourceQuality "1"]
[WhiteTeam "Wachtebeke"]
[BlackTeam "Charleroi CREC"]
[WhiteTeamCountry "BEL"]
[BlackTeamCountry "BEL"]

1. d4 Nf6 2. c4 g6 3. Nc3 Bg7 4. e4 d6 5. f4 0-0 6. Nf3 c5 7. d5 e6 8. dxe6 fxe6 9. Bd3 Nc6 10. 0-0 Nd4 11. Nxd4 cxd4 12. Nb5 e5 13. Qb3 Be6 14. Qb4 Ne8 15. c5 dxc5 16. Qxc5 a6 17. Na3 Rc8 18. Qb4 b5 19. Bd2 Nd6 20. Rac1 Rxc1 21. Bxc1 Qb6 22. b3 a5 23. Qe1 Rc8 24. Nb1 a4 25. Qg3 axb3 26. axb3 Bxb3 27. fxe5 Nf7 28. Bf4 Bc4 29. Nd2 Bxd3 30. Qxd3 Rc3 31. Qb1 Nxe5 32. Bxe5 Bxe5 33. Qa2+ Kg7 34. Qf7+ Kh6 35. Qf8+ Bg7 36. Qf4+ g5 37. Qg4 d3+ 38. Kh1 Rc5 39. h4 Qd6 40. g3 Kg6 41. Rf5 h6 42. hxg5 h5 43. Qh3 Rc1+ 44. Kg2 Rc2 45. Rf2 Qe5 46. Qd7 Kh7 47. Kh3 Qxg5 48. Qxd3 Rc3 49. Qd6 Qg4+ 50. Kh2 h4 51. Nf1 b4 52. Qf4 hxg3+ 53. Nxg3 Qxf4 54. Rxf4 Be5 55. Rg4 Rxg3 56. Rxg3 b3 0-1

[Event "Charleroi op"]
[Site "Charleroi"]
[Date "2018.08.03"]
[Round "8"]
[White "Philippe, Denis"]
[Black "Jamar, Vadim"]
[Result "0-1"]
[WhiteElo "2047"]
[BlackElo "1864"]
[PlyCount "46"]
[EventDate "2018.07.28"]
[EventType "swiss"]
[EventRounds "9"]
[EventCountry "BEL"]
[SourceTitle "CBM 185 Extra"]
[Source "ChessBase"]
[SourceDate "2018.07.29"]
[SourceVersion "1"]
[SourceVersionDate "2018.07.29"]
[SourceQuality "1"]

1. d4 Nf6 2. Nf3 g6 3. Nc3 d5 4. Bf4 c6 5. e3 Bg7 6. Be2 0-0 7. Ne5 Bf5 8. g4 Be6 9. f3 Nfd7 10. Nd3 f5 11. g5 Bf7 12. h4 Re8 13. 0-0 e5 14. dxe5 Nxe5 15. Nxe5 Bxe5 16. Bxe5 Rxe5 17. Qd4 Qe7 18. Nd1 c5 19. Qf4 d4 20. Kf2 Nc6 21. Bd3 Rd8 22. b3 dxe3+ 23. Nxe3 Rd4 0-1

[Event "Charleroi op"]
[Site "Charleroi"]
[Date "2018.08.01"]
[Round "6"]
[White "Van Mechelen, Jan"]
[Black "Jamar, Vadim"]
[Result "1/2-1/2"]
[WhiteElo "2217"]
[BlackElo "1864"]
[PlyCount "59"]
[EventDate "2018.07.28"]
[EventType "swiss"]
[EventRounds "9"]
[EventCountry "BEL"]
[SourceTitle "CBM 185 Extra"]
[Source "ChessBase"]
[SourceDate "2018.07.29"]
[SourceVersion "1"]
[SourceVersionDate "2018.07.29"]
[SourceQuality "1"]

1. e4 c5 2. Nf3 e6 3. d4 cxd4 4. Nxd4 Nc6 5. Nc3 Qc7 6. g3 Nf6 7. Ndb5 Qb8 8. Bf4 e5 9. Bg5 a6 10. Bxf6 axb5 11. Bg5 b4 12. Nb5 d6 13. Bc4 Be6 14. Bxe6 fxe6 15. Qh5+ g6 16. Qf3 Be7 17. h4 Ra5 18. Qd3 Na7 19. Nxa7 Qxa7 20. Qc4 Qd4 21. Qxd4 exd4 22. Bd2 Re5 23. Bxb4 Rxe4+ 24. Kf1 Rf8 25. Re1 d5 26. Bd2 Bc5 27. f4 e5 28. Kg2 exf4 29. Bxf4 Kd7 30. Rhf1 1/2-1/2

[Event "Charleroi op"]
[Site "Charleroi"]
[Date "2017.07.29"]
[Round "1"]
[White "Jamar, Vadim"]
[Black "Verstraeten, Reinaert"]
[Result "0-1"]
[WhiteElo "2035"]
[BlackElo "2316"]
[PlyCount "64"]
[EventDate "2017.07.29"]
[EventType "swiss"]
[EventRounds "9"]
[EventCountry "BEL"]
[SourceTitle "CBM 179 Extra"]
[Source "ChessBase"]
[SourceDate "2017.08.23"]
[SourceVersion "1"]
[SourceVersionDate "2017.08.23"]
[SourceQuality "1"]

1. e4 c5 2. d4 cxd4 3. c3 Nf6 4. e5 Nd5 5. Qxd4 e6 6. Nf3 Nc6 7. Qe4 d6 8. Bb5 Bd7 9. c4 Nb6 10. exd6 Bxd6 11. 0-0 Qf6 12. Rd1 Bc5 13. Nc3 0-0 14. Qe2 Qf5 15. Na4 Nxa4 16. Bxa4 Rad8 17. b4 Bxb4 18. Bc2 Qh5 19. Kh1 Ne7 20. g4 Qa5 21. Ng5 Ng6 22. h4 Bc6+ 23. f3 Qe5 24. Be3 h6 25. h5 hxg5 26. hxg6 Rxd1+ 27. Rxd1 fxg6 28. Rf1 Bc5 29. Be4 Bxe4 30. Bxc5 Bxf3+ 31. Rxf3 Qxe2 32. Rxf8+ Kh7 0-1

[Event "BEL-ch U18"]
[Site "Blankenberge"]
[Date "2017.04.12"]
[Round "6"]
[White "Jamar, Vadim"]
[Black "Ismail, Tamer"]
[Result "0-1"]
[WhiteElo "1953"]
[BlackElo "2080"]
[PlyCount "86"]
[EventDate "2017.04.09"]
[EventType "swiss"]
[EventRounds "9"]
[EventCountry "BEL"]
[SourceTitle "CBM 178 Extra"]
[Source "ChessBase"]
[SourceDate "2017.06.22"]
[SourceVersion "1"]
[SourceVersionDate "2017.06.22"]
[SourceQuality "1"]

1. e4 d6 2. d4 Nf6 3. Nc3 e5 4. Nge2 Be7 5. g3 Nbd7 6. Bg2 0-0 7. 0-0 c6 8. a4 Re8 9. h3 Bf8 10. Be3 b6 11. g4 g6 12. Ng3 Ba6 13. Re1 h6 14. f4 Qc7 15. g5 exf4 16. Bxf4 hxg5 17. Bxg5 Bg7 18. Nce2 Bb7 19. Bf4 c5 20. Nc3 a6 21. e5 dxe5 22. Bxb7 Qxb7 23. dxe5 Nh7 24. e6 Rxe6 25. Rxe6 fxe6 26. Qg4 Nhf8 27. Rd1 Nf6 28. Qg5 Qf7 29. Rd6 N8h7 30. Qh4 Rf8 31. Rxb6 Nd7 32. Rb7 g5 33. Rxd7 Qxd7 34. Bxg5 Qd4+ 35. Kh1 Qxh4 36. Bxh4 Bd4 37. Nge4 Rf1+ 38. Kg2 Rc1 39. Be7 Rxc2+ 40. Kf3 c4 41. Ba3 Kf7 42. Nd6+ Kg6 43. Ne2 Ng5+ 0-1

[Event "BEL-ch U18"]
[Site "Blankenberge"]
[Date "2017.04.11"]
[Round "4"]
[White "Jamar, Vadim"]
[Black "Capone, Nicola"]
[Result "0-1"]
[WhiteElo "1953"]
[BlackElo "2349"]
[PlyCount "62"]
[EventDate "2017.04.09"]
[EventType "swiss"]
[EventRounds "9"]
[EventCountry "BEL"]
[SourceTitle "CBM 178 Extra"]
[Source "ChessBase"]
[SourceDate "2017.06.22"]
[SourceVersion "1"]
[SourceVersionDate "2017.06.22"]
[SourceQuality "1"]

1. e4 c5 2. d4 cxd4 3. c3 Nf6 4. e5 Nd5 5. Qxd4 e6 6. Nf3 Nc6 7. Qe4 d6 8. Bb5 Bd7 9. exd6 Bxd6 10. c4 Nf6 11. Qe2 a6 12. Bxc6 Bxc6 13. 0-0 Qc7 14. Nc3 Bxf3 15. Qxf3 Bxh2+ 16. Kh1 Be5 17. b3 0-0 18. Ba3 Rfd8 19. Rac1 Rd7 20. Na4 Rad8 21. Nc5 Rd4 22. Rfe1 Bd6 23. b4 Bxc5 24. bxc5 Rh4+ 25. Kg1 Qh2+ 26. Kf1 Rd2 27. g3 Ng4 28. Re2 Qh1+ 29. Qxh1 Rxh1+ 30. Kg2 Rh2+ 31. Kf3 Rxe2 0-1

[Event "BEL-ch U18"]
[Site "Blankenberge"]
[Date "2017.04.10"]
[Round "3"]
[White "Lee, Deon"]
[Black "Jamar, Vadim"]
[Result "0-1"]
[WhiteElo "2137"]
[BlackElo "1953"]
[PlyCount "94"]
[EventDate "2017.04.09"]
[EventType "swiss"]
[EventRounds "9"]
[EventCountry "BEL"]
[SourceTitle "CBM 178 Extra"]
[Source "ChessBase"]
[SourceDate "2017.06.22"]
[SourceVersion "1"]
[SourceVersionDate "2017.06.22"]
[SourceQuality "1"]

1. e4 c5 2. Nf3 e6 3. d4 cxd4 4. Nxd4 Nc6 5. Nc3 Qc7 6. g3 a6 7. Bg2 Nf6 8. 0-0 Nxd4 9. Qxd4 Bc5 10. Bf4 d6 11. Qd2 Ng4 12. h3 Ne5 13. Rad1 Nc4 14. Qc1 Bd7 15. b3 Ba3 16. Qb1 Nb2 17. Ne2 Nxd1 18. Rxd1 a5 19. c3 e5 20. Bd2 Bc5 21. Qd3 0-0 22. g4 Bc6 23. Ng3 b5 24. Be1 g6 25. Bd2 b4 26. Bh6 Rfd8 27. Bg5 Re8 28. Bf6 Re6 29. g5 Qb6 30. Nh1 bxc3 31. Qxc3 Qb4 32. Qg3 a4 33. Qh4 Qb8 34. bxa4 Rxa4 35. Rd2 d5 36. Qg3 d4 37. Kh2 Ra3 38. Qh4 Qb4 39. Rd1 Ba4 40. Rc1 Rc3 41. Rg1 d3 42. Bf3 d2 43. Rg4 Rxf6 44. gxf6 Rxf3 45. Qh6 Bf8 46. Qh5 d1Q 47. Qxe5 Bd6 0-1

[Event "Agneaux St Lo U16 op 17th"]
[Site "Agneaux"]
[Date "2015.07.10"]
[Round "7"]
[White "Maillard, Pierre"]
[Black "Jamar, Vadim"]
[Result "0-1"]
[WhiteElo "1528"]
[BlackElo "1919"]
[PlyCount "104"]
[EventDate "2015.07.03"]
[EventType "swiss"]
[EventRounds "9"]
[EventCountry "FRA"]
[SourceTitle "EXT 2016"]
[Source "ChessBase"]
[SourceDate "2015.10.08"]
[SourceVersion "1"]
[SourceVersionDate "2015.10.08"]
[SourceQuality "1"]

1. d4 Nf6 2. Nf3 c5 3. d5 g6 4. Nc3 d6 5. e4 Bg7 6. Be2 0-0 7. 0-0 Nbd7 8. h3 a6 9. a4 b6 10. Re1 Qc7 11. Bc4 Ne8 12. Bg5 Ne5 13. Nxe5 Bxe5 14. Bh6 Bg7 15. Bxg7 Kxg7 16. f4 e5 17. fxe5 dxe5 18. Rf1 Nd6 19. Bd3 c4 20. Be2 Bd7 21. Bf3 b5 22. Qd2 b4 23. Na2 a5 24. b3 Rac8 25. Rac1 Qc5+ 26. Qf2 Rc7 27. Qxc5 Rxc5 28. Rce1 cxb3 29. cxb3 Rc2 30. Rf2 Rfc8 31. Ree2 Rxe2 32. Rxe2 Bxa4 33. bxa4 b3 34. Rb2 bxa2 35. Rxa2 Rc4 36. Kf2 Nxe4+ 37. Bxe4 Rxe4 38. Re2 Rxe2+ 39. Kxe2 Kf6 40. Ke3 Ke7 41. Ke4 Kd6 42. g4 f5+ 43. gxf5 gxf5+ 44. Kxf5 Kxd5 45. h4 e4 46. Kg5 e3 47. Kh6 e2 48. h5 e1Q 49. Kxh7 Qg3 50. h6 Ke6 51. Kh8 Kf7 52. h7 Qg7# 0-1

[Event "Agneaux St Lo U16 op 17th"]
[Site "Agneaux"]
[Date "2015.07.09"]
[Round "6"]
[White "Jamar, Vadim"]
[Black "Alliot, Alexis"]
[Result "1-0"]
[WhiteElo "1919"]
[BlackElo "1600"]
[PlyCount "75"]
[EventDate "2015.07.03"]
[EventType "swiss"]
[EventRounds "9"]
[EventCountry "FRA"]
[SourceTitle "EXT 2016"]
[Source "ChessBase"]
[SourceDate "2015.10.08"]
[SourceVersion "1"]
[SourceVersionDate "2015.10.08"]
[SourceQuality "1"]

1. e4 c6 2. Ne2 d5 3. e5 c5 4. d4 Nc6 5. c3 Bg4 6. h3 Bxe2 7. Bxe2 e6 8. Be3 Qb6 9. Qd2 Nge7 10. dxc5 Qc7 11. f4 Nf5 12. Bf2 a5 13. g4 Nfe7 14. Na3 Na7 15. Nb5 Nxb5 16. Bxb5+ Nc6 17. 0-0 g6 18. Bd4 Rg8 19. a4 Be7 20. Rae1 0-0-0 21. b4 h5 22. g5 Kd7 23. Qf2 Rb8 24. Rb1 Kd8 25. Bxc6 Qxc6 26. b5 Qc7 27. c6 b6 28. Rfd1 Kc8 29. Be3 Rd8 30. Rd3 Qa7 31. Rbd1 Kc7 32. c4 dxc4 33. Rd7+ Kc8 34. Rxa7 Rxd1+ 35. Kg2 c3 36. Rxe7 Rb1 37. Bxb6 Rxb6 38. Qxb6 1-0

[Event "BEL-ch U16"]
[Site "Blankenberge"]
[Date "2015.04.12"]
[Round "1"]
[White "Jamar, Vadim"]
[Black "Beukema, Christiaan"]
[Result "1-0"]
[WhiteElo "1932"]
[BlackElo "1502"]
[PlyCount "117"]
[EventDate "2015.04.12"]
[EventType "swiss"]
[EventRounds "9"]
[EventCountry "BEL"]
[SourceTitle "CBM 166 Extra"]
[Source "ChessBase"]
[SourceDate "2015.06.18"]
[SourceVersion "1"]
[SourceVersionDate "2015.06.18"]
[SourceQuality "1"]

1. e4 e5 2. Nf3 Nc6 3. Bc4 Bc5 4. b4 Bxb4 5. c3 Bd6 6. d4 Nf6 7. 0-0 0-0 8. Bd5 Nxd5 9. exd5 e4 10. Ng5 Ne7 11. Qh5 h6 12. Nxe4 f5 13. Nxd6 cxd6 14. Qf3 b5 15. Bf4 Rf6 16. a4 Ba6 17. Re1 g5 18. Bd2 Bb7 19. axb5 Nxd5 20. c4 g4 21. Qd3 Nb6 22. d5 a6 23. Bc3 Rf7 24. Qd4 Kh7 25. Ba5 Re7 26. Nc3 axb5 27. Bxb6 Qe8 28. Qd2 bxc4 29. Rxe7+ Qxe7 30. Rxa8 Bxa8 31. Be3 h5 32. Qd4 Qe5 33. g3 Kg6 34. Qxc4 Kf7 35. Qc8 Bxd5 36. Qxd7+ Kf6 37. Qd8+ Kf7 38. Qa5 Bf3 39. Qxe5 dxe5 40. Kf1 Bb7 41. Ke2 e4 42. Bf4 Bc6 43. Ke3 Ke6 44. Kd4 Bb7 45. Nb5 Bc6 46. Kc5 Bb7 47. Nd4+ Kf6 48. Kd6 Bc8 49. Nb3 Ba6 50. Nc5 Bc4 51. Nd7+ Kg7 52. Ke5 Bd3 53. Be3 Kg6 54. Nf8+ Kf7 55. Ne6 Bc4 56. Nd4 Kg6 57. Nxf5 Bd3 58. Nd6 Bc2 59. Nxe4 1-0

[Event "Agneaux St Lo op U20 16th"]
[Site "Agneaux"]
[Date "2014.07.09"]
[Round "5"]
[White "Jamar, Vadim"]
[Black "Juran, Baptiste"]
[Result "1-0"]
[WhiteElo "1881"]
[BlackElo "1349"]
[PlyCount "49"]
[EventDate "2014.07.06"]
[EventType "swiss"]
[EventRounds "9"]
[EventCountry "FRA"]
[SourceTitle "EXT 2015"]
[Source "ChessBase"]
[SourceDate "2014.11.20"]
[SourceVersion "1"]
[SourceVersionDate "2014.11.20"]
[SourceQuality "1"]

1. e4 e6 2. d4 d5 3. e5 c5 4. c3 Nc6 5. Nf3 Qb6 6. a3 c4 7. Nbd2 g6 8. Be2 Bg7 9. b4 cxb3 10. Nxb3 Bd7 11. Bd2 Nge7 12. Nc5 Qc7 13. h4 b6 14. Nd3 Na5 15. h5 h6 16. hxg6 fxg6 17. Nf4 0-0 18. Bd3 Nc4 19. Nxg6 Nxg6 20. Bxg6 Nxd2 21. Qxd2 Rac8 22. Rc1 Bb5 23. Qc2 Qe7 24. Nh4 Qxa3 25. Bh7+ 1-0

[Event "Agneaux St Lo op U20 16th"]
[Site "Agneaux"]
[Date "2014.07.08"]
[Round "4"]
[White "Seignat, Florian"]
[Black "Jamar, Vadim"]
[Result "1-0"]
[WhiteElo "1744"]
[BlackElo "1881"]
[PlyCount "61"]
[EventDate "2014.07.06"]
[EventType "swiss"]
[EventRounds "9"]
[EventCountry "FRA"]
[SourceTitle "EXT 2015"]
[Source "ChessBase"]
[SourceDate "2014.11.20"]
[SourceVersion "1"]
[SourceVersionDate "2014.11.20"]
[SourceQuality "1"]

1. d4 Nf6 2. Bg5 c5 3. Bxf6 gxf6 4. d5 d6 5. c4 Bg7 6. Nc3 Bf5 7. e4 Bg6 8. Bd3 Qc8 9. Qc2 0-0 10. Nge2 e5 11. Ng3 Na6 12. Qe2 Qd7 13. h4 h6 14. h5 Bh7 15. Rh3 Nc7 16. Nd1 f5 17. Nxf5 Bxf5 18. exf5 b5 19. Rg3 f6 20. cxb5 Nxd5 21. Bc4 Kh8 22. Bxd5 Rab8 23. Be6 Qxb5 24. Qxb5 Rxb5 25. b3 Rd8 26. Nc3 Rb4 27. Bc4 a5 28. Rd1 Rb7 29. Rgd3 Bf8 30. Ne4 Rg7 31. g3 1-0

[Event "Wch U14"]
[Site "Al Ain"]
[Date "2013.12.28"]
[Round "11"]
[White "Jamar, Vadim"]
[Black "Liao, Jo Kai"]
[Result "0-1"]
[WhiteElo "1803"]
[BlackElo "1571"]
[PlyCount "192"]
[EventDate "2013.12.18"]
[EventType "swiss"]
[EventRounds "11"]
[EventCountry "UAE"]
[SourceTitle "CBM 158 Extra"]
[Source "ChessBase"]
[SourceDate "2014.02.28"]
[SourceVersion "1"]
[SourceVersionDate "2014.02.28"]
[SourceQuality "1"]

1. e4 e5 2. Nf3 d5 3. Nxe5 Bd6 4. d4 dxe4 5. Bc4 Bxe5 6. Qh5 Qe7 7. Qxe5 Qxe5 8. dxe5 Nc6 9. Bf4 Nge7 10. e6 Bxe6 11. Bxe6 fxe6 12. Nc3 Nd5 13. Bg3 Nxc3 14. bxc3 0-0-0 15. Ke2 Ne7 16. Be5 Rhg8 17. Rhd1 Rd5 18. Bd4 e5 19. Be3 Rgd8 20. g4 Rxd1 21. Rxd1 Rxd1 22. Kxd1 Nd5 23. Kd2 b6 24. a3 c5 25. c4 Nf4 26. a4 Kb7 27. Ke1 Kc6 28. Bc1 Ne6 29. c3 Nf4 30. Ba3 Ne6 31. Ke2 Ng5 32. Ke3 Nf7 33. Kxe4 Nd6+ 34. Kxe5 Nxc4+ 35. Ke6 Nxa3 36. Kf7 Nc4 37. Kxg7 Ne5 38. h3 b5 39. f4 Nd7 40. axb5+ Kxb5 41. Kxh7 a5 42. g5 a4 43. g6 a3 44. g7 Nf6+ 45. Kg6 Ng8 46. Kf7 a2 47. Kxg8 a1Q 48. Kh7 Qxc3 49. g8Q Qxh3+ 50. Kg6 Qg4+ 51. Kh7 Qxf4 52. Qe8+ Kb4 53. Qe1+ Kc4 54. Qe2+ Kd5 55. Qd3+ Ke5 56. Qc3+ Qd4 57. Qg3+ Kd5 58. Qg8+ Ke4 59. Qg6+ Ke3 60. Qg5+ Kd3 61. Qg3+ Kc4 62. Qb8 Kc3 63. Kh6 c4 64. Qg3+ Qd3 65. Qe5+ Kc2 66. Qa1 Qb3 67. Qe1 c3 68. Qf2+ Kc1 69. Qe1+ Kb2 70. Qe5 Qc2 71. Qb5+ Kc1 72. Kg7 Qg2+ 73. Kf8 c2 74. Qb4 Qf3+ 75. Kg8 Qe3 76. Qa5 Qb3+ 77. Kf8 Kb2 78. Qe5+ Ka2 79. Qe2 Qb8+ 80. Kf7 Qb7+ 81. Kf8 Qc8+ 82. Ke7 Qc7+ 83. Kf8 Qc5+ 84. Ke8 Kb1 85. Qe4 Qc8+ 86. Ke7 Qc7+ 87. Ke8 Qb8+ 88. Ke7 Qb6 89. Kd7 Qb5+ 90. Kd8 Kb2 91. Qg2 Qd3+ 92. Ke8 Qe3+ 93. Kd8 Qd4+ 94. Ke8 Qh8+ 95. Ke7 Qh7+ 96. Ke8 Kb1 0-1

[Event "Wch U14"]
[Site "Al Ain"]
[Date "2013.12.21"]
[Round "5"]
[White "Jamar, Vadim"]
[Black "Liebert, Erwin"]
[Result "1-0"]
[WhiteElo "1803"]
[BlackElo "1526"]
[PlyCount "85"]
[EventDate "2013.12.18"]
[EventType "swiss"]
[EventRounds "11"]
[EventCountry "UAE"]
[SourceTitle "CBM 158 Extra"]
[Source "ChessBase"]
[SourceDate "2014.02.28"]
[SourceVersion "1"]
[SourceVersionDate "2014.02.28"]
[SourceQuality "1"]

1. e4 e5 2. Nf3 Nc6 3. Bc4 Nf6 4. d4 exd4 5. e5 d5 6. Bb5 Ne4 7. Nxd4 Bd7 8. Bxc6 bxc6 9. Be3 c5 10. Nb3 d4 11. Bf4 Ng5 12. Bxg5 Qxg5 13. 0-0 Bc6 14. g3 Be7 15. f4 Qf5 16. Na5 Be4 17. Na3 Rd8 18. Re1 0-0 19. Qe2 Bd5 20. b3 h5 21. Nb5 Rd7 22. Nc4 a6 23. Nba3 h4 24. Nd2 hxg3 25. hxg3 d3 26. cxd3 c4 27. Naxc4 Bc5+ 28. Ne3 Bxe3+ 29. Qxe3 Qh3 30. Ne4 Rfd8 31. g4 Qh7 32. Re2 Bxe4 33. Qxe4 Qh3 34. Qg2 Qxd3 35. Rae1 Qd4+ 36. Qf2 Qxf2+ 37. Kxf2 Rd2 38. Rxd2 Rxd2+ 39. Re2 Rd5 40. Rc2 Kf8 41. Ke3 Ra5 42. a4 c5 43. Ke4 1-0

[Event "Agneaux St Lo op 15th"]
[Site "Agneaux"]
[Date "2013.07.13"]
[Round "8"]
[White "Glotin, Adrien"]
[Black "Jamar, Vadim"]
[Result "0-1"]
[WhiteElo "1571"]
[BlackElo "1805"]
[PlyCount "116"]
[EventDate "2013.07.07"]
[EventType "swiss"]
[EventRounds "9"]
[EventCountry "FRA"]
[SourceTitle "EXT 2014"]
[Source "ChessBase"]
[SourceDate "2013.11.20"]
[SourceVersion "1"]
[SourceVersionDate "2013.11.20"]
[SourceQuality "1"]

1. d4 Nf6 2. c4 c5 3. d5 b5 4. Qc2 g6 5. e4 d6 6. Nc3 b4 7. Nce2 Bg7 8. Ng3 0-0 9. Be2 Nfd7 10. Nf3 Nb6 11. Bd3 a5 12. Rb1 a4 13. a3 b3 14. Qe2 Bg4 15. h3 Bxf3 16. Qxf3 N8d7 17. Bf4 Ne5 18. Bxe5 Bxe5 19. h4 Nd7 20. Ne2 Bg7 21. Qh3 Qc8 22. Qh2 Ne5 23. Nf4 Bh6 24. Be2 Bxf4 25. Qxf4 f5 26. Qg5 fxe4 27. Qxe7 Qf5 28. 0-0 Qf6 29. Qxf6 Rxf6 30. Rbd1 Raf8 31. Rc1 Kg7 32. Rc3 h6 33. Re3 Nd3 34. Bxd3 exd3 35. Rxd3 Rf4 36. Rc3 Rxh4 37. Re1 Rd4 38. Kf1 Rd2 39. Re2 Rd1+ 40. Re1 Rxe1+ 41. Kxe1 Rf4 42. Ke2 Kf6 43. g3 Re4+ 44. Kd2 Ke5 45. f3 Rd4+ 46. Ke2 Kf5 47. Rc1 h5 48. Ke3 g5 49. Ke2 h4 50. gxh4 gxh4 51. Ke3 h3 52. Ke2 h2 53. Ke3 Rxc4 54. Rxc4 h1Q 55. Rf4+ Ke5 56. Re4+ Kxd5 57. Rg4 Qc1+ 58. Kd3 c4+ 0-1

[Event "Agneaux St Lo op 15th"]
[Site "Agneaux"]
[Date "2013.07.08"]
[Round "2"]
[White "Jamar, Vadim"]
[Black "Khenfir, Helene"]
[Result "1-0"]
[WhiteElo "1805"]
[BlackElo "1507"]
[PlyCount "79"]
[EventDate "2013.07.07"]
[EventType "swiss"]
[EventRounds "9"]
[EventCountry "FRA"]
[SourceTitle "EXT 2014"]
[Source "ChessBase"]
[SourceDate "2013.11.20"]
[SourceVersion "1"]
[SourceVersionDate "2013.11.20"]
[SourceQuality "1"]

1. e4 c6 2. Ne2 d5 3. e5 Bf5 4. Ng3 Bg6 5. h4 h6 6. h5 Bh7 7. e6 fxe6 8. d4 Nf6 9. Bd3 Qa5+ 10. c3 Nbd7 11. f4 0-0-0 12. Bxh7 Rxh7 13. Qd3 c5 14. 0-0 c4 15. Qc2 Qb6 16. Kh1 Qc6 17. Nd2 Nb6 18. Re1 Rd6 19. Nf3 Qa4 20. Qb1 Rh8 21. Ne5 Qe8 22. Ng6 Rg8 23. Qc2 Qf7 24. Qe2 Nfd7 25. b3 a5 26. Qc2 Nf6 27. Ba3 Rc6 28. Ne5 cxb3 29. axb3 Qe8 30. Nxc6 Qxc6 31. Qe2 Kd7 32. Bc5 Nc8 33. b4 b6 34. b5 Qc7 35. Qxe6+ Ke8 36. Ba3 Rh8 37. Nf5 Kd8 38. Re5 Nxh5 39. Rxd5+ Ke8 40. Qg6# 1-0

[Event "BEL-ch U14"]
[Site "Bruges"]
[Date "2012.04.12"]
[Round "7"]
[White "Lee, Deon"]
[Black "Jamar, Vadim"]
[Result "0-1"]
[WhiteElo "1617"]
[BlackElo "1678"]
[PlyCount "124"]
[EventDate "2012.04.08"]
[EventType "swiss"]
[EventRounds "9"]
[EventCountry "BEL"]
[SourceTitle "EXT 2013"]
[Source "ChessBase"]
[SourceDate "2012.11.22"]
[SourceVersion "1"]
[SourceVersionDate "2012.11.22"]
[SourceQuality "1"]

1. e4 c5 2. Nf3 e6 3. d4 cxd4 4. Nxd4 Nc6 5. Nc3 Qc7 6. Be2 a6 7. 0-0 Nf6 8. Be3 b5 9. f3 b4 10. Na4 d5 11. exd5 Nxd5 12. Bf2 Bd6 13. g3 0-0 14. Re1 Bd7 15. Nxc6 Bxc6 16. Nc5 Bxc5 17. Bxc5 Rfd8 18. Qd4 a5 19. Qf2 Bb7 20. Bd3 Ba6 21. Bxa6 Rxa6 22. Rac1 Rc6 23. Bd4 Rc8 24. Be5 Qb6 25. Qxb6 Nxb6 26. Re2 Nd5 27. Bd4 f6 28. f4 Kf7 29. Kf2 b3 30. axb3 Nb4 31. Bc3 Na2 32. Ra1 Nxc3 33. bxc3 Rxc3 34. Rxa5 Rxc2 35. Ra7+ Kg6 36. Ra2 Rxa2 37. Rxa2 Rb8 38. Rb2 Kf5 39. Kf3 Rb4 40. h3 e5 41. g4+ Ke6 42. f5+ Kd5 43. Ke3 e4 44. Rd2+ Ke5 45. Rb2 g6 46. fxg6 hxg6 47. h4 f5 48. gxf5 gxf5 49. h5 f4+ 50. Ke2 Kf5 51. Ra2 Rxb3 52. Ra5+ Kg4 53. h6 Rh3 54. Ra4 Rh2+ 55. Ke1 Kf3 56. Ra3+ e3 57. Kd1 Rxh6 58. Rb3 Rh1+ 59. Kc2 Kf2 60. Rb2 e2 61. Kd3 Rd1+ 62. Ke4 Kf1 0-1

[Event "BEL-ch U14"]
[Site "Bruges"]
[Date "2012.04.08"]
[Round "1"]
[White "Qvick, Milan"]
[Black "Jamar, Vadim"]
[Result "1/2-1/2"]
[WhiteElo "1198"]
[BlackElo "1678"]
[PlyCount "41"]
[EventDate "2012.04.08"]
[EventType "swiss"]
[EventRounds "9"]
[EventCountry "BEL"]
[SourceTitle "EXT 2013"]
[Source "ChessBase"]
[SourceDate "2012.11.22"]
[SourceVersion "1"]
[SourceVersionDate "2012.11.22"]
[SourceQuality "1"]

1. e4 c5 2. Nf3 e6 3. Nc3 Nc6 4. Bc4 Nf6 5. d4 cxd4 6. Nxd4 a6 7. Nxc6 bxc6 8. Qd4 d5 9. exd5 cxd5 10. Bb3 Bd6 11. Bg5 Be7 12. 0-0 0-0 13. Rfe1 Bb7 14. Re3 Rc8 15. Rh3 Nd7 16. Qh4 f6 17. Qxh7+ Kf7 18. Qh5+ Kg8 19. Qh7+ Kf7 20. Qh5+ Kg8 21. Qh7+ 1/2-1/2

[Event "Hainaut-ch"]
[Site "Manage"]
[Date "2008.08.23"]
[Round "2.25"]
[White "Aouragh, Aziz"]
[Black "Jamar, Vadim"]
[Result "1/2-1/2"]
[WhiteElo "1487"]
[BlackElo "1150"]
[PlyCount "73"]
[EventDate "2008.08.23"]
[EventType "swiss"]
[EventRounds "9"]
[EventCountry "BEL"]
[SourceTitle "EXT 2024"]
[Source "ChessBase"]
[SourceDate "2023.10.10"]
[SourceVersion "1"]
[SourceVersionDate "2023.10.10"]
[SourceQuality "1"]

1. d4 Nf6 2. c4 c5 3. Nf3 cxd4 4. Nxd4 Nc6 5. Nf3 e6 6. Bg5 Be7 7. Nc3 d5 8. cxd5 exd5 9. e3 Ne4 10. Bxe7 Nxe7 11. Nxe4 dxe4 12. Qa4+ Bd7 13. Qxe4 0-0 14. Bd3 Bf5 15. Qd4 Qxd4 16. Nxd4 Bxd3 17. Rd1 Be4 18. 0-0 Nf5 19. Nxf5 Bxf5 20. Rd4 Rfd8 21. Rfd1 Rxd4 22. Rxd4 Rc8 23. g4 Be6 24. a3 Kf8 25. Kg2 Rc2 26. Rb4 a5 27. Rb6 Bd5+ 28. Kg3 Ke7 29. f3 Kd7 30. b4 axb4 31. Rxb4 Rc3 32. e4 Bc6 33. h4 Rxa3 34. Kf4 Ke6 35. Rd4 h6 36. Rd8 g5+ 37. hxg5 1/2-1/2

[Event "Hainaut-ch"]
[Site "Manage"]
[Date "2008.08.23"]
[Round "9.24"]
[White "Jamar, Vadim"]
[Black "Louis, Sophie"]
[Result "1-0"]
[WhiteElo "1150"]
[BlackElo "1510"]
[PlyCount "69"]
[EventDate "2008.08.23"]
[EventType "swiss"]
[EventRounds "9"]
[EventCountry "BEL"]
[SourceTitle "EXT 2024"]
[Source "ChessBase"]
[SourceDate "2023.10.10"]
[SourceVersion "1"]
[SourceVersionDate "2023.10.10"]
[SourceQuality "1"]

1. e4 e5 2. Nf3 Nc6 3. Bc4 Nf6 4. d4 exd4 5. e5 Bb4+ 6. Bd2 Bxd2+ 7. Nbxd2 Ng4 8. Qe2 Qe7 9. 0-0-0 Ngxe5 10. Nxe5 Nxe5 11. Rhe1 d6 12. Nf3 f6 13. Nxd4 Bd7 14. f4 Bg4 15. Nf3 0-0-0 16. fxe5 dxe5 17. Rxd8+ Rxd8 18. h3 Bh5 19. g4 Be8 20. Rd1 Bd7 21. Qe3 b6 22. Ba6+ Kb8 23. Qe4 c6 24. Nd4 Kc7 25. Nb5+ Kb8 26. Nd4 Kc7 27. Nf5 Qe6 28. Kb1 b5 29. a4 Rb8 30. Nxg7 Qf7 31. Nf5 Rb6 32. axb5 cxb5 33. Rd6 Rxd6 34. Qb7+ Kd8 35. Qb8+ 1-0

[Event "Hainaut-ch"]
[Site "Manage"]
[Date "2008.08.23"]
[Round "1.26"]
[White "Jamar, Vadim"]
[Black "Watelet, Sylvain"]
[Result "0-1"]
[WhiteElo "1150"]
[BlackElo "1769"]
[PlyCount "28"]
[EventDate "2008.08.23"]
[EventType "swiss"]
[EventRounds "9"]
[EventCountry "BEL"]
[SourceTitle "EXT 2024"]
[Source "ChessBase"]
[SourceDate "2023.10.10"]
[SourceVersion "1"]
[SourceVersionDate "2023.10.10"]
[SourceQuality "1"]

1. e4 e5 2. Nf3 Nc6 3. Bc4 Be7 4. d4 d6 5. Nc3 Nf6 6. 0-0 0-0 7. b3 Bg4 8. d5 Nb8 9. h3 Bh5 10. Qd3 Nbd7 11. Bg5 h6 12. Bxf6 Bxf6 13. Nh4 Bxh4 14. Ne2 Nc5 0-1